Fluid mechanics / (Record no. 31659)
[ view plain ]
| 000 -LEADER | |
|---|---|
| fixed length control field | 00491 a2200193 4500 |
| 003 - CONTROL NUMBER IDENTIFIER | |
| control field | NUST |
| 020 ## - INTERNATIONAL STANDARD BOOK NUMBER | |
| International Standard Book Number | 0071134492 |
| 020 ## - INTERNATIONAL STANDARD BOOK NUMBER | |
| International Standard Book Number | 9780071134491 |
| 038 ## - RECORD CONTENT LICENSOR | |
| Staff Name | Amir |
| 082 ## - DEWEY DECIMAL CLASSIFICATION NUMBER | |
| Classification number | 532 |
| Author Mark | LIG |
| 100 1# - MAIN ENTRY--PERSONAL NAME | |
| Personal name | Liggett, James A. |
| 9 (RLIN) | 8452 |
| 245 10 - TITLE STATEMENT | |
| Title | Fluid mechanics / |
| Statement of responsibility, etc. | James A. Liggett. |
| 260 ## - PUBLICATION, DISTRIBUTION, ETC. | |
| Place of publication, distribution, etc. | [S.l.] : |
| Name of publisher, distributor, etc. | McGraw-Hill Education (ISE Editions), |
| Date of publication, distribution, etc. | 1994. |
| 300 ## - PHYSICAL DESCRIPTION | |
| Extent | 512 p. |
| 500 ## - GENERAL NOTE | |
| General note | Import. |
| 563 ## - BINDING INFORMATION | |
| Binding note | Paper back |
| 700 ## - ADDED ENTRY--PERSONAL NAME | |
| Personal name | Liggett, James A. |
| 9 (RLIN) | 8452 |
| 942 ## - ADDED ENTRY ELEMENTS (KOHA) | |
| Institution code [OBSOLETE] | SNS |
| Koha item type | Book |
| Call number prefix | 532 LIG |
| Source of classification or shelving scheme | |
| Withdrawn status | Lost status | Source of classification or shelving scheme | Damaged status | Not for loan | Permanent Location | Current Location | Shelving location | Date acquired | Full call number | Barcode | Date last seen | Price effective from | Koha item type | Public note |
|---|---|---|---|---|---|---|---|---|---|---|---|---|---|---|
| School of Mechanical & Manufacturing Engineering (SMME) | School of Mechanical & Manufacturing Engineering (SMME) | General Stacks | 06/29/2015 | 532 LIG | SMME-177 | 03/20/2018 | 06/29/2015 | Book | Rack,45-Shelf,2 |
